[Event "Balabanovo Winter Rating"]
[Site "Balabanovo"]
[Date "2012.12.16"]
[Round "8"]
[White "Shon, Vitaly"]
[Black "Lauda, Alexandr"]
[Result "1/2-1/2"]
[WhiteElo "1890"]
[BlackElo "1997"]
[PlyCount "80"]
[EventDate "2012.12.08"]
[EventType "tourn"]
[EventRounds "11"]
[EventCountry "RUS"]
[SourceTitle "EXT 2023"]
[Source "ChessBase"]
[SourceDate "2022.10.05"]
[SourceVersion "1"]
[SourceVersionDate "2022.10.05"]
[SourceQuality "1"]

1. d4 Nf6 2. Nf3 e6 3. Bg5 c5 4. e3 cxd4 5. exd4 Nc6 6. Nbd2 Be7 7. c3 h6 8. Bh4 b6 9. Bd3 Bb7 10. 0-0 0-0 11. Re1 Nh7 12. Bxe7 Nxe7 13. Qe2 f5 14. Ba6 Bc6 15. Ne5 Nf6 16. Nxc6 Nxc6 17. Nf3 Qc7 18. Ne5 Rae8 19. Qc4 Ng4 20. f3 Ngxe5 21. dxe5 f4 22. Rad1 Rf5 23. Bb5 Rxe5 24. Rxe5 Qxe5 25. Bxc6 dxc6 26. Qxc6 Kf7 27. Kf1 g5 28. b3 Re7 29. Rd2 Qc7 30. Qxc7 Rxc7 31. c4 Kf6 32. Ke2 h5 33. h3 Kf5 34. Rd8 b5 35. cxb5 g4 36. hxg4+ hxg4 37. a4 Rc2+ 38. Rd2 Rc3 39. Rd3 Rc2+ 40. Rd2 Rc3 1/2-1/2

[Event "Kaluga Tsiolkovsky Memorial op"]
[Site "Kaluga"]
[Date "2012.07.30"]
[Round "1"]
[White "Shon, Vitaly"]
[Black "Lopukhin, Anatoly Viktorovich"]
[Result "0-1"]
[WhiteElo "1927"]
[BlackElo "2312"]
[PlyCount "118"]
[EventDate "2012.07.30"]
[EventType "swiss"]
[EventRounds "9"]
[EventCountry "RUS"]
[SourceTitle "EXT 2014"]
[Source "ChessBase"]
[SourceDate "2013.11.20"]
[SourceVersion "1"]
[SourceVersionDate "2013.11.20"]
[SourceQuality "1"]

1. d4 d6 2. c4 e5 3. d5 f5 4. Nc3 Nf6 5. g3 g6 6. Bg2 Bg7 7. Nh3 0-0 8. 0-0 h6 9. Qc2 Nbd7 10. b3 Nc5 11. Bb2 g5 12. f3 g4 13. Nf2 h5 14. b4 Na6 15. a3 gxf3 16. exf3 Bd7 17. f4 e4 18. Ncd1 c5 19. dxc6 bxc6 20. Ne3 Be6 21. Rfd1 Nc7 22. Qa4 Qd7 23. Rac1 Rfd8 24. Rd2 Nce8 25. Bf1 Qb7 26. Be2 d5 27. cxd5 cxd5 28. Ba6 Qf7 29. Nh3 Nh7 30. Bxg7 Kxg7 31. Qc6 d4 32. Rxd4 Rxd4 33. Qxa8 h4 34. Rd1 Rxd1+ 35. Nxd1 Qd7 36. Qb7 Nc7 37. Be2 Nd5 38. Qxd7+ Bxd7 39. gxh4 Nhf6 40. Kf2 Be8 41. Ne3 Bd7 42. Nxd5 Nxd5 43. Bd1 Kh6 44. Ke1 Be8 45. Kd2 Bb5 46. Bb3 e3+ 47. Ke1 Nf6 48. Ng5 Nh5 49. Ne6 Kg6 50. a4 Bd3 51. Bd1 Bc4 52. Bxh5+ Kxh5 53. Nd4 Kg4 54. b5 Kxf4 55. Nc6 Ke4 56. Nb4 Bb3 57. h5 f4 58. h6 f3 59. h7 f2+ 0-1